|
|
|
|
| LEADER |
00000nam0a2200000 4500 |
| 001 |
42606 |
| 005 |
20231217182114.0 |
| 035 |
|
|
|a (RuTPU)RU\TPU\book\43941
|
| 090 |
|
|
|a 42606
|
| 100 |
|
|
|a 20020912d2002 m y0rusy50 ca
|
| 101 |
0 |
|
|a rus
|
| 102 |
|
|
|a RU
|
| 105 |
|
|
|a y j 001zy
|
| 200 |
1 |
|
|a Химия окружающей среды
|e учебное пособие
|f А. М. Плахов, Ю. М. Федорчук
|g Томский политехнический университет
|
| 210 |
|
|
|a Томск
|c Изд-во ТПУ
|d 2002
|
| 215 |
|
|
|a 127 с.
|
| 320 |
|
|
|a Библиогр.: с. 124-125.
|
| 606 |
1 |
|
|a Окружающая среда
|x Химия
|2 stltpush
|3 (RuTPU)RU\TPU\subj\42124
|9 61860
|
| 610 |
1 |
|
|a химия
|
| 610 |
1 |
|
|a химическая технология
|
| 610 |
1 |
|
|a экологические системы
|
| 610 |
1 |
|
|a вещества
|
| 610 |
1 |
|
|a круговорот
|
| 610 |
1 |
|
|a атмосфера
|
| 610 |
1 |
|
|a гидросфера
|
| 610 |
1 |
|
|a литосфера
|
| 610 |
1 |
|
|a пыль
|
| 610 |
1 |
|
|a аэрозоли
|
| 610 |
1 |
|
|a газы
|
| 610 |
1 |
|
|a грунтовые воды
|
| 610 |
1 |
|
|a речные воды
|
| 610 |
1 |
|
|a морские воды
|
| 610 |
1 |
|
|a загрязнение
|
| 610 |
1 |
|
|a почва
|
| 610 |
1 |
|
|a учебные пособия
|
| 610 |
1 |
|
|a труды учёных ТПУ
|
| 675 |
|
|
|a 504(075.8)
|v 3
|
| 700 |
|
1 |
|a Плахов
|b А. М.
|c специалист в области экологии и безопасности жизнедеятельности
|c доцент Томского политехнического университета
|g Александр Митрофанович
|3 (RuTPU)RU\TPU\pers\27307
|
| 701 |
|
1 |
|a Федорчук
|b Ю. М.
|c специалист в области экологии и безопасности жизнедеятельности
|c профессор Томского политехнического университета, доктор технических наук
|f 1948-
|g Юрий Митрофанович
|3 (RuTPU)RU\TPU\pers\26187
|9 11995
|
| 712 |
0 |
2 |
|a Томский политехнический университет (ТПУ)
|b Институт дистанционного образования (ИДО)
|3 (RuTPU)RU\TPU\col\12625
|
| 801 |
|
1 |
|a RU
|b 63413507
|c 20020912
|g PSBO
|
| 801 |
|
2 |
|a RU
|b 63413507
|c 20221004
|g PSBO
|
| 942 |
|
|
|c BK
|